|
|
|
|
| LEADER |
00689nab a2200205 i 4500 |
| 001 |
misc66229 |
| 005 |
20220928123345.0 |
| 008 |
220411s1927 hu o 0|| ger d |
| 040 |
|
|
|a SZTE Miscellanea Repozitórium
|b hun
|
| 041 |
|
|
|a ger
|
| 100 |
1 |
|
|a Hartmann Richard
|
| 245 |
1 |
4 |
|a Die Welt des Islam
|h [elektronikus dokumentum] :
|b einst und heute /
|c Hartmann Richard
|
| 260 |
|
|
|a Hinrichs
|b Leipzig
|c 1927
|
| 300 |
|
|
|a 47 p.
|c 24 cm
|
| 561 |
|
|
|a Németh Gyula hagyaték
|
| 591 |
|
|
|a NOZ 2235
|
| 650 |
|
4 |
|a Bölcsészettudományok
|
| 650 |
|
4 |
|a Filozófia, etika és vallástudományok
|
| 695 |
|
|
|a Iszlám vallás
|
| 856 |
4 |
0 |
|u http://misc.bibl.u-szeged.hu/66229/1/2235_noz.pdf
|z Dokumentum-elérés
|